|
|
|
|
| LEADER |
01565nim a2200409 a 4500 |
| 001 |
000700501 |
| 003 |
CZ BrMZK |
| 005 |
20040712120130.0 |
| 007 |
sd fsngnnmmned |
| 008 |
031215s2002 xr e a k cze d |
| 028 |
0 |
1 |
|a 610 204-2331
|b Tommü records
|
| 040 |
|
|
|a ABA001
|b cze
|d BOA001
|
| 080 |
|
|
|a 7.096-2
|2 MRF
|
| 080 |
|
|
|a (086.76)
|2 MRF
|
| 080 |
|
|
|a 82-7
|2 MRF
|
| 080 |
|
|
|a 821.162.3-22
|2 MRF
|
| 100 |
1 |
|
|a Kaiser, Oldřich,
|d 1955-
|7 jn19990209336
|4 aut
|4 act
|
| 245 |
1 |
0 |
|a Tlučhořovic rodinka
|h [zvukový záznam].
|n 22 /
|c [autoři a interpreti] Oldřich Kaiser, Jiří Lábus
|
| 260 |
|
|
|a Starý Jičín :
|b Tommü records,
|c [p2002]
|
| 300 |
|
|
|a 1 zvuková deska (64:00) :
|b digital ;
|c 12 cm +
|e 1 leták (12 x 24 cm)
|
| 306 |
|
|
|a 010400
|
| 500 |
|
|
|a Vydáno také na kazetě s objednacím číslem 610 204-4331
|
| 500 |
|
|
|a Výrobcem seriálu je od ledna 1996 Český rozhlas
|
| 500 |
|
|
|a Fonogram převzat z kazety
|
| 500 |
|
|
|a Kompaktní deska
|
| 500 |
|
|
|a Na letáku diskografie seriálu
|
| 505 |
0 |
0 |
|t Milionář --
|t Jednou tolik --
|t Za blbost se platí --
|t Asanátor
|
| 508 |
|
|
|a Režie Ivan Holeček; znělka Vladimír Zahradníček; dramaturg Jan Czech
|
| 650 |
0 |
7 |
|a humor
|7 ph117205
|2 czenas
|
| 650 |
0 |
7 |
|a komedie
|7 ph121740
|2 czenas
|
| 650 |
0 |
7 |
|a rozhlasové seriály
|7 ph218848
|2 czenas
|
| 655 |
|
7 |
|a kompaktní desky
|7 fd201991
|2 czenas
|
| 700 |
1 |
|
|a Lábus, Jiří,
|d 1950-
|7 jn19990209472
|4 aut
|4 act
|
| 700 |
1 |
|
|a Holeček, Ivan,
|d 1940-
|7 jx20040615022
|4 drt
|
| 910 |
|
|
|a BOA001
|b CDA-1127.954,22
|
| 990 |
|
|
|a AV
|
| 991 |
|
|
|d dopl
|